COD Black Ops 6 Guns - Statistics

General Stats
  • This quiz has been taken 40 times
    37 since last reset
  • The average score is 13 of 53
Answer Stats
Class Answers % Correct
SMG C9
69%
AMES 85
62%
Jackal PDW
62%
Assault Rifles XM4
62%
Kilo 141
46%
AK-74
38%
KSV
38%
Ladra
38%
Model L
38%
PPSh 41
38%
Tanto .22
38%
ASG-89
31%
FFAR 1
31%
Goblin MK 2
31%
Kompakt 92
31%
Saug
31%
XMG
31%
Pistols/Special 9mm PM
23%
AS VAL
23%
Cypher 091
23%
Dresden 9mm
23%
GPR 91
23%
Grekhova
23%
GS45
23%
Krig C
23%
LC10
23%
Malestrom
23%
Shotguns Marine SP
23%
Nail Gun
23%
Stryder .22
23%
Tsarkov 7.62
23%
ABR A1
15%
AEK 973
15%
DM10
15%
Essex Model 07
15%
Feng-82
15%
GPMG-7
15%
HDR
15%
Sniper Rifles LW3A1 Frostline
15%
Olympia
15%
PP-919
15%
LMG PU-21
15%
Sirin 9mm
15%
SVD
15%
Marksman Rifle SWAT 5.56
15%
AMR Mod 4
8%
CR-56 AMAX
8%
D1.3 Sector
8%
LR 7.62
8%
Merrick 556
8%
TR2
8%
Gravemark .357 Revolver
0%
PML 5.56
0%
No matching quizzes found
Score Distribution
Percent of People with Each Score
Percentile by Number Answered
Your Score History
You have not taken this quiz since the last reset